Gestión del talento humano y del conocimiento (Registro nro. 14591)
[ vista simple ]
| 000 -CABECERA | |
|---|---|
| Longitud fija campo de control | 00614nam a22002057a 4500 |
| 003 - IDENTIFICADOR DELl NÚMERO DE CONTROL | |
| Identificador del número de control | OSt |
| 005 - FECHA Y HORA DE LA ÚLTIMA TRANSACCIÓN | |
| Fecha y hora de la última transacción | 20141101120448.0 |
| 008 - CÓDIGOS DE INFORMACIÓN DE LONGITUD FIJA | |
| Códigos de información de longitud fija | 141013b xxu||||| |||| 00| 0 eng d |
| 020 ## - NÚMERO INTERNACIONAL NORMALIZADO PARA LIBROS | |
| Número Internacional Normalizado para Libros (ISBN) | 978-958-648-657-6 |
| 040 ## - FUENTE DE LA CATALOGACIÓN | |
| Centro transcriptor | BMC |
| 082 ## - NÚMERO DE LA CLASIFICACIÓN DECIMAL DEWEY | |
| Númeroo de clasificación | 658.3 |
| 100 1# - PUNTO DE ACCESO PRINCIPAL-NOMBRE DE PERSONA | |
| 9 (RLIN) | 26585 |
| Nombre de persona | Cuesta Santos, Armando |
| 245 10 - MENCIÓN DE TÍTULO | |
| Título | Gestión del talento humano y del conocimiento |
| Mención de responsabilidad, etc. | Armando Cuesta Santos |
| 260 ## - PUBLICACIÓN, DISTRIBUCIÓN, ETC. (PIE DE IMPRENTA) | |
| Lugar de publicación, distribución, etc. | Bogotá |
| Nombre del editor, distribuidor, etc. | ECOE |
| Fecha de publicación, distribución, etc. | 2010 |
| 300 ## - DESCRIPCIÓN FÍSICA | |
| Extensión | XVII, 448 p. |
| Otras características físicas | il. |
| Dimensiones | 24 cm. |
| 490 ## - MENCIÓN DE SERIE | |
| Mención de serie | Ciencias Administrativas. Administración |
| 504 ## - NOTA DE BIBLIOGRAFÍA, ETC | |
| Nota de bibliografía, etc. | Bibliografía: p. 437-448 |
| 650 24 - PUNTO DE ACCESO ADICIONAL DE MATERIA - TÉRMINO DE MATERIA | |
| 9 (RLIN) | 5702 |
| Término de materia o nombre geográfico como elemento inicial | Gestión de recursos humanos |
| 942 ## - ENTRADA DE ELEMENTOS AGREGADOS (KOHA) | |
| Fuente de clasificaión o esquema | Dewey Decimal Classification |
| Koha [por defecto] tipo de item | 1- Monografias |
| Suprimido | Perdido | Fuente de clasificación o esquema | Estropeado | Restricciones de uso | No para préstamo | Código de colección | Localización permanente | Localización actual | Localización en estanter&íacute;as | Fecha adquisición | Fuente de adquisición | Número de inventario | Préstamos totales | Signatura completa | Código de barras | Fecha última consulta | Fecha último préstamo | Coste, precio reemplazado | Fecha del precio de reemplazo | Tipo de item de Koha |
|---|---|---|---|---|---|---|---|---|---|---|---|---|---|---|---|---|---|---|---|---|
| NULL | NULL | Dewey Decimal Classification | NULL | Prestable | NULL | NULL | Biblioteca Centro Regional de Ilobasco | Biblioteca Centro Regional de Ilobasco | Sala Principal | 04/05/2015 | UNICAES | LI000200 | 2 | 658.3 CUE ges | 1030929 | 13/01/2026 | 13/01/2026 | 33.22 | 04/05/2015 | 1- Monografias |
| NULL | NULL | Dewey Decimal Classification | NULL | Prestable | NULL | NULL | Biblioteca Centro Regional de Ilobasco | Biblioteca Centro Regional de Ilobasco | Sala Principal | 04/05/2015 | UNICAES | LI000201 | 658.3 CUE ges | 1030930 | 04/05/2015 | 33.22 | 04/05/2015 | 1- Monografias | ||
| NULL | NULL | Dewey Decimal Classification | NULL | Prestable | NULL | NULL | Biblioteca Centro Regional de Ilobasco | Biblioteca Centro Regional de Ilobasco | Sala Principal | 04/05/2015 | UNICAES | LI000202 | 1 | 658.3 CUE ges | 1030931 | 24/09/2024 | 21/09/2024 | 33.22 | 04/05/2015 | 1- Monografias |
| NULL | NULL | Dewey Decimal Classification | NULL | Prestable | NULL | NULL | Biblioteca Centro Regional de Ilobasco | Biblioteca Centro Regional de Ilobasco | Sala Principal | 05/01/2018 | CRI | LI003745 | 658.3 CUE ges | 1043187 | 18/01/2018 | 18/01/2018 | 1- Monografias | |||
| NULL | NULL | Dewey Decimal Classification | NULL | Prestable | NULL | NULL | Biblioteca Miguel de Cervantes - UNICAES | Biblioteca Miguel de Cervantes - UNICAES | Sala Principal | 06/04/2011 | Donación - Facultad de Ciencias Empresariales | 023058 | 6 | 658.3 CUE ges | 1023516 | 20/11/2019 | 18/11/2019 | 39.00 | 14/10/2014 | 1- Monografias |
| NULL | NULL | Dewey Decimal Classification | NULL | Prestable | NULL | NULL | Biblioteca Miguel de Cervantes - UNICAES | Biblioteca Miguel de Cervantes - UNICAES | Sala Principal | 06/04/2011 | Donación - Facultad de Ciencias Empresariales | 023059 | 2 | 658.3 CUE ges | 1023517 | 05/02/2018 | 05/02/2018 | 39.00 | 14/10/2014 | 1- Monografias |